000 03901cam a22004214i 4500
003 PE-LiUPU
005 20250731184101.0
008 191021s2018 sp a rb 000 0 spa d
020 _a8491712860
020 _a9788491712862
035 _a(Sirsi) a252621
040 _aPE-LiUPU
_bspa
_cPE-LiUPU
_erda
049 _aPRUA
082 0 4 _a809
_bI63
_223
245 0 0 _aInvestigación e innovación en educación literaria /
_ceditores, María Isabel de Vicente-Yagüe Jara, Elena del Pilar Jiménez-Pérez.
264 1 _aMadrid :
_bEditorial Síntesis,
_c[2018].
300 _a250 páginas :
_bilustraciones ;
_c23 centímetros.
336 _atext
_2rdacontent
337 _aunmediated
_2rdamedia
338 _avolume
_2rdacarrier
490 0 _aLibros de Síntesis.Psicología/Educación ;
_v43
504 _aBibliografía al final de cada capítulo.
505 0 _aFunción de la literatura infantil y juvenil para la regulación de las emociones -- Leer: evaluación de la comprensión y la competencia lectoras en español -- Contextualización y socializar la lectura: estrategias para el desarrollo de la comprensión lectora en la enseñanza de segundas lenguas -- La literatura en clases de español como lengua extranjera en Francia: entre tradición y modernidad -- Estudio de la problemática en la traducción de textos poéticos a través del análisis de las traducciones al francés y al inglés del rayo que no cesa -- Bagaje literario y creatividad en la era de la tecnologías de la información y la comunicación: impacto en la producción de contenidos periódicos -- La competencia en comprensión lectora en lengua inglesa mediante el blogging -- La realidad aumenta en la literatura infantil y juvenil: situación actual y valoración -- La literatura infantil y juvenil -- Influencia de la exposición a materiales escritos en el desarrollo de la lectoescritura -- Los juegos de rol con personajes literarios como puente hacia la obra original -- Como informar de un texto científico en un medio de comunicación: estrategias divulgativas de comprensión lectora -- Literatura e interculturalidad en la enseñanza del español como lengua extranjera: los aportes de la lectura estética a la lectura intercultural -- Leer más allá del canon: las escritoras de vanguardia y de posguerra -- La narrativas de los autores grecorromanos para la enseñanza de la cultura clásica en educación secundaria -- Taller de escritura creativa: escribir y leer poesía en una lengua extranjera -- Cambio en las metodologías universitarias. Análisis sobre el uso que hacen de las tecnologías de la información y la comunicación en la formación de los estudiantes -- La competencia lectora desde una perspectiva en la enseñanza de español como lenguas extranjeras -- Educación en emociones a través de los cuentos -- La lectura y las habilidades comunicativas en el marco del proyecto lingüístico de centro: una propuesta interdisciplinar de mejora de la competencia en comunicación lingüística -- La lectura viva. criterios psicológicos y didácticos para fomentar el descubrimiento en los textos.
526 _aP145
526 _aP127
526 _aP97
526 _aP14
526 _aP07
541 _g004-000263;
650 0 4 _aLiterature
_xStudy and teaching.
_2fast
_0(OCoLC)fst01000024
700 1 _aPilar Jiménez-Pérez, Elena del,
_eeditor.
700 1 _aVicente-Yagüe Jara, María Isabel de,
_eeditor.
910 _adbm
_bksl
_cksl
_d20191018
942 _2ddc
_cBOOK
994 _aC0
_bPEPRU
596 _a1
999 _a809 I63
_wDEWEY
_c31853
_i80861
_f2021-11-9
_g3
_lCCODEBUL1
_mBUL
_p13.49
_r0
_sY
_tBOOK
_u2019-10-21
_xEDUCACION
_zTO-MENCIÓN
_0COMPRA
_1FCOMPR4
_o.STAFF. Colección Ciencias Humanas y Educación
_d31853
980 _81
_gALBERTO SANCHEZ Responsable de Automatización